000 01183nam a22003257a 4500
003 CHAP
005 20220329143611.0
008 100824s be a r 00010 spa d
010 _a99131
011 _a100103
035 _a110789
040 _cCHAP
090 _aFolleto 17804
110 0 _aNational Renderers Association, INC.
_980368
245 1 3 _aEl porqué del uso de las grasas animales (GAPP) en los piensos :
_balmacenamiento, manipulación y aplicación de las grasas
_c/por National Renderers Association, Inc
260 _aBruselas, Belg. :
_bNRA.,
300 _a51 p. :
_bills.
590 _aBATCH-UPD
_b10
_c20130110
_lUCH01
_h1219
590 _aBATCH-UPD
_b10
_c20130410
_lUCH01
_h0754
590 _aBATCH-UPD
_b10
_c20130914
_lUCH01
_h1552
590 _aCONVERSION
_b10
_c20130109
_lUCH01
_h1355
650 1 4 _aAlimentos y alimentacion del ganado.
_94326
650 1 4 _aGrasas y aceites en nutrición animal.
_950455
650 1 4 _aGrasas y aceites
_xSustitutos.
_950453
650 1 4 _aPiensos.
_988012
710 2 _aNational Renderers Association, INC.
_980368
901 _aBK
942 _cFOLL
949 _aFolleto 17804
_bBC
_cFOLL
_d33724002122736
_eTS1
_fc.
_i110789
_sb
999 _c99131
_d99131